<?xml version="1.0" encoding="UTF-8"?>
<record
    xmlns:xsi="http://www.w3.org/2001/XMLSchema-instance"
    xsi:schemaLocation="http://www.loc.gov/MARC21/slim http://www.loc.gov/standards/marcxml/schema/MARC21slim.xsd"
    xmlns="http://www.loc.gov/MARC21/slim">

  <leader>05428nam a2200541Ii 4500</leader>
  <controlfield tag="001">9780429425479</controlfield>
  <controlfield tag="003">FlBoTFG</controlfield>
  <controlfield tag="005">20220724194247.0</controlfield>
  <controlfield tag="006">m     o  d        </controlfield>
  <controlfield tag="007">cr            </controlfield>
  <controlfield tag="008">190122t20182019fluab   ob    001 0 eng d</controlfield>
  <datafield tag="020" ind1=" " ind2=" ">
    <subfield code="a">9780429425479(e-book : PDF)</subfield>
  </datafield>
  <datafield tag="035" ind1=" " ind2=" ">
    <subfield code="a">(OCoLC)1076543476</subfield>
  </datafield>
  <datafield tag="040" ind1=" " ind2=" ">
    <subfield code="a">FlBoTFG</subfield>
    <subfield code="c">FlBoTFG</subfield>
    <subfield code="e">rda</subfield>
  </datafield>
  <datafield tag="050" ind1=" " ind2="4">
    <subfield code="a">QA251</subfield>
  </datafield>
  <datafield tag="072" ind1=" " ind2="7">
    <subfield code="a">MAT</subfield>
    <subfield code="x">002000 </subfield>
    <subfield code="2">bisacsh</subfield>
  </datafield>
  <datafield tag="072" ind1=" " ind2="7">
    <subfield code="a">MAT</subfield>
    <subfield code="x">003000 </subfield>
    <subfield code="2">bisacsh</subfield>
  </datafield>
  <datafield tag="072" ind1=" " ind2="7">
    <subfield code="a">PBCD </subfield>
    <subfield code="2">bicscc</subfield>
  </datafield>
  <datafield tag="082" ind1="0" ind2="4">
    <subfield code="a">512.897</subfield>
    <subfield code="2">23</subfield>
  </datafield>
  <datafield tag="100" ind1="1" ind2=" ">
    <subfield code="a">Chahal, J.S.,</subfield>
    <subfield code="e">author.</subfield>
  </datafield>
  <datafield tag="245" ind1="1" ind2="0">
    <subfield code="a">Fundamentals of Linear Algebra /</subfield>
    <subfield code="c">by J.S. Chahal.</subfield>
  </datafield>
  <datafield tag="250" ind1=" " ind2=" ">
    <subfield code="a">First edition.</subfield>
  </datafield>
  <datafield tag="264" ind1=" " ind2="1">
    <subfield code="a">Boca Raton, FL :</subfield>
    <subfield code="b">Chapman and Hall/CRC,</subfield>
    <subfield code="c">[2018].</subfield>
  </datafield>
  <datafield tag="264" ind1=" " ind2="4">
    <subfield code="c">&#xA9;2019.</subfield>
  </datafield>
  <datafield tag="300" ind1=" " ind2=" ">
    <subfield code="a">1 online resource (240 pages) :</subfield>
    <subfield code="b">17 illustrations, text file, PDF.</subfield>
  </datafield>
  <datafield tag="336" ind1=" " ind2=" ">
    <subfield code="a">text</subfield>
    <subfield code="2">rdacontent</subfield>
  </datafield>
  <datafield tag="337" ind1=" " ind2=" ">
    <subfield code="a">computer</subfield>
    <subfield code="2">rdamedia</subfield>
  </datafield>
  <datafield tag="338" ind1=" " ind2=" ">
    <subfield code="a">online resource</subfield>
    <subfield code="2">rdacarrier</subfield>
  </datafield>
  <datafield tag="490" ind1="1" ind2=" ">
    <subfield code="a">Textbooks in Mathematics</subfield>
  </datafield>
  <datafield tag="504" ind1=" " ind2=" ">
    <subfield code="a">Includes bibliographical references and index.</subfield>
  </datafield>
  <datafield tag="505" ind1="0" ind2="0">
    <subfield code="t">Preface -- Advice to the Reader -- 1 Preliminaries  -- What is Linear Algebra? -- Rudimentary Set Theory -- Cartesian Products -- Relations -- Concept of a Function -- Composite Functions -- Fields of Scalars -- Techniques for Proving Theorems -- 2 Matrix Algebra  -- Matrix Operations -- Geometric Meaning of a Matrix Equation -- Systems of Linear Equation -- Inverse of a Matrix -- The Equation Ax=b -- Basic Applications -- 3 Vector Spaces  -- The Concept of a Vector Space -- Subspaces -- The Dimension of a Vector Space -- Linear Independence -- Application of Knowing dim (V) -- Coordinates -- Rank of a Matrix -- 4 LinearMaps  -- Linear Maps -- Properties of Linear Maps -- Matrix of a Linear Map -- Matrix Algebra and Algebra of Linear Maps -- Linear Functionals and Duality -- Equivalence and Similarity -- Application to Higher Order Differential Equations -- 5 Determinants  -- Motivation -- Properties of Determinants -- Existence and Uniqueness of Determinant -- Computational Definition of Determinant -- Evaluation of Determinants -- Adjoint and Cramer's Rule -- 6 Diagonalization  -- Motivation -- Eigenvalues and Eigenvectors -- Cayley-Hamilton Theorem -- 7 Inner Product Spaces  -- Inner Product -- Fourier Series -- Orthogonal and Orthonormal Sets -- Gram-Schmidt Process -- Orthogonal Projections on Subspaces -- 8 Linear Algebra over Complex Numbers  -- Algebra of Complex Numbers -- Diagonalization of Matrices with Complex Eigenvalues -- Matrices over Complex Numbers -- 9 Orthonormal Diagonalization -- Motivational Introduction -- Matrix Representation of a Quadratic Form -- Spectral Decompostion -- Constrained Optimization-Extrema of Spectrum -- Singular Value Decomposition (SVD) -- 10Selected Applications of Linear Algebra -- System of First Order Linear Differential Equations -- Multivariable Calculus -- Special Theory of Relativity -- Cryptography -- Solving Famous Problems from Greek Geometry -- Answers to Selected Numberical Problems -- Bibliography -- Index.</subfield>
  </datafield>
  <datafield tag="520" ind1="3" ind2=" ">
    <subfield code="a">Fundamentals of Linear Algebra is like no other book on the subject. By following a natural and unified approach to the subject it has, in less than 250 pages, achieved a more complete coverage of the subject than books with more than twice as many pages. For example, the textbooks in use in the United States prove the existence of a basis only for finite dimensional vector spaces. This book proves it for any given vector space. ,With his experience in algebraic geometry and commutative algebra, the author defines the dimension of a vector space as its Krull dimension. By doing so, most of the facts about bases when the dimension is finite, are trivial consequences of this definition. To name one, the replacement theorem is no longer needed. It becomes obvious that any two bases of a finite dimensional vector space contain the same number of vectors. Moreover, this definition of the dimension works equally well when the geometric objects are nonlinear.,,Features:,,,Presents theories and applications in an attempt to raise expectations and outcomes,,,The subject of linear algebra is presented over arbitrary fields,,,Includes many non-trivial examples which address real-world problems,,,About the Author:,,Dr. J.S. Chahal is a professor of mathematics at Brigham Young University. He received his Ph.D. from Johns Hopkins University and after spending a couple of years at the University of Wisconsin as a post doc, he joined Brigham Young University as an assistant professor and has been there ever since. He specializes and has published a number of papers about number theory. For hobbies, he likes to travel and hike, the reason he accepted the position at Brigham Young University.</subfield>
  </datafield>
  <datafield tag="530" ind1=" " ind2=" ">
    <subfield code="a">Also available in print format.</subfield>
  </datafield>
  <datafield tag="650" ind1=" " ind2="7">
    <subfield code="a">MATHEMATICS / Applied.</subfield>
    <subfield code="2">bisacsh</subfield>
  </datafield>
  <datafield tag="650" ind1=" " ind2="7">
    <subfield code="a">determinants.</subfield>
    <subfield code="2">bisacsh</subfield>
  </datafield>
  <datafield tag="650" ind1=" " ind2="7">
    <subfield code="a">Engineering Applications.</subfield>
    <subfield code="2">bisacsh</subfield>
  </datafield>
  <datafield tag="650" ind1=" " ind2="7">
    <subfield code="a">Linear Transformations.</subfield>
    <subfield code="2">bisacsh</subfield>
  </datafield>
  <datafield tag="650" ind1=" " ind2="7">
    <subfield code="a">Martix Alegbra.</subfield>
    <subfield code="2">bisacsh</subfield>
  </datafield>
  <datafield tag="650" ind1=" " ind2="7">
    <subfield code="a">Matrices.</subfield>
    <subfield code="2">bisacsh</subfield>
  </datafield>
  <datafield tag="650" ind1=" " ind2="7">
    <subfield code="a">Vector Spaces.</subfield>
    <subfield code="2">bisacsh</subfield>
  </datafield>
  <datafield tag="650" ind1=" " ind2="0">
    <subfield code="a">Algebras, Linear.</subfield>
  </datafield>
  <datafield tag="655" ind1=" " ind2="0">
    <subfield code="a">Electronic books.</subfield>
  </datafield>
  <datafield tag="710" ind1="2" ind2=" ">
    <subfield code="a">Taylor and Francis.</subfield>
  </datafield>
  <datafield tag="776" ind1="0" ind2="8">
    <subfield code="i">Print version: </subfield>
    <subfield code="z">9781138590502</subfield>
  </datafield>
  <datafield tag="830" ind1=" " ind2="0">
    <subfield code="a">Textbooks in Mathematics.</subfield>
  </datafield>
  <datafield tag="856" ind1="4" ind2="0">
    <subfield code="u">https://www.taylorfrancis.com/books/9780429425479</subfield>
    <subfield code="z">Click here to view</subfield>
  </datafield>
  <datafield tag="942" ind1=" " ind2=" ">
    <subfield code="2">lcc</subfield>
    <subfield code="c">EBK</subfield>
  </datafield>
  <datafield tag="999" ind1=" " ind2=" ">
    <subfield code="c">15571</subfield>
    <subfield code="d">15571</subfield>
  </datafield>
</record>
